Okręgi federalne w Rosji - Statystyki

Ogólne statystyki
  • Ten quiz został rozwiązany 14 razy
  • Średni wynik to 7 z 8
Statystyki odpowiedzi
Okręg federalny % Poprawnych
Południowy Okręg Federalny
100%
Syberyjski Okręg Federalny
100%
Uralski Okręg Federalny
100%
Centralny Okręg Federalny
88%
Dalekowschodni Okręg Federalny
88%
Północnokaukaski Okręg Federalny
75%
Północno - Zachodni Okręg Federalny
75%
Nadwołżański Okręg Federalny
63%
Nie znaleziono quizów pasujących do podanych kryteriów
Rozkład punktacji
Procent ludzi z każdym wynikiem
Percentyl według liczby udzielonych odpowiedzi
Twoja historia wyników
Nie rozwiązałeś tego quizu